| 000 | 01071nam a22002777a 4500 | ||
|---|---|---|---|
| 999 |
_c113605 _d113605 |
||
| 003 | dpl | ||
| 005 | 20190117151042.0 | ||
| 008 | 190117b ||||| |||| 00| 0 eng d | ||
| 010 | _aB-081642, B-075289 | ||
| 020 | _c100.00 | ||
| 035 | _aB-081642, B-075289 | ||
| 037 | _bCen Lib/Ret | ||
| 040 |
_aDPL _bHN _c0 |
||
| 082 |
_a821 _bअजन्ता |
||
| 100 |
_aअजन्ता देव _93694 |
||
| 245 |
_aराख का क़िला / _cअजन्ता देव |
||
| 246 |
_aRaakh ka kila / _bby Ajanta Dev |
||
| 260 |
_aबीकानेर _bवागदेवी प्रकाशन _c2002 |
||
| 270 |
_bबीकानेर _aसुगन निवास, चन्दनसागर _e334001 |
||
| 300 |
_a80पृ. _c21सेमी (सजिल्द) |
||
| 650 |
_aहिन्दी -- साहित्य _953009 |
||
| 650 |
_aहिन्दी -- कविताएँ _953010 |
||
| 650 |
_aHindi -- literature _953011 |
||
| 650 |
_aHindi - Poems _953012 |
||
| 942 |
_2ddc _cHN _h821 _mअजन्ता |
||